Normal view
MARC view
- الألوسي، أحمد شوقي ابن الشيخ حسين؛ دراسة وتحقيق زكي فهمي أحمد شوقي الألوسي
Entry Personal Name
001 - CONTROL NUMBER
- control field: 18090
003 - CONTROL NUMBER IDENTIFIER
- control field: JO-AjAnu
005 - DATE AND TIME OF LATEST TRANSACTION
- control field: 20230606073201.0
008 - FIXED-LENGTH DATA ELEMENTS
- fixed length control field: 230606|| aca||aabn | a|a d
040 ## - CATALOGING SOURCE
- Original cataloging agency: JO-AjAnu
- Transcribing agency: JO-AjAnu
100 ## - HEADING--PERSONAL NAME
- Personal name: الألوسي، أحمد شوقي ابن الشيخ حسين؛ دراسة وتحقيق زكي فهمي أحمد شوقي الألوسي
670 ## - SOURCE DATA FOUND
- Source citation: Work cat.: (JO-AjAnu)9288: الألوسي، أحمد شوقي ابن الشيخ حسين؛ دراسة وتحقيق زكي فهمي أحمد شوقي الألوسي, author, حلية التنزيل: شرح تحفة الترتيل في أصول التجويد